[Event "23rd EUR-ch"]
[Site "Vrnjacka Banja SRB"]
[Date "2023.03.10"]
[Round "8.45"]
[White "Kaasen, Tor Fredrik"]
[Black "Goriachkina, Aleksandra"]
[Result "1/2-1/2"]
[WhiteElo "2464"]
[BlackElo "2576"]
[EventDate "2023.03.03"]
[PlyCount "57"]

1.d4 d5 2.c4 c6 3.Nf3 Nf6 4.e3 Bf5 5.Nc3 e6 6.Nh4 Bg6 7.Bd2 Nbd7 8.Qb3 Qb6
9.Nxg6 hxg6 10.Be2 Be7 11.h3 a6 12.Qxb6 Nxb6 13.b3 O-O 14.g4 c5 15.dxc5 
Bxc5 16.cxd5 Nbxd5 17.Nxd5 Nxd5 18.Bf3 Rac8 19.Ke2 Ba3 20.Bxd5 exd5 21.Kd3
f6 22.h4 Kf7 23.h5 gxh5 24.Rxh5 Ke6 25.f4 Rc6 26.Rh7 Kf7 27.Rh5 Ke6 28.Rh7
Kf7 29.Rh5 1/2-1/2

[Event "23rd EUR-ch"]
[Site "Vrnjacka Banja SRB"]
[Date "2023.03.10"]
[Round "8.46"]
[White "Sousa, Andre Ventura"]
[Black "Livaic, Leon"]
[Result "0-1"]
[WhiteElo "2464"]
[BlackElo "2569"]
[EventDate "2023.03.03"]
[PlyCount "80"]

1.Nf3 e6 2.c4 Nf6 3.g3 d5 4.Bg2 Be7 5.O-O O-O 6.d4 a5 7.Nc3 c6 8.Ne5 b6 9.
e4 dxc4 10.Nxc4 Ba6 11.b3 b5 12.Ne3 b4 13.Ne2 Nbd7 14.Bb2 Nb6 15.Re1 Rc8 
16.Nf4 Re8 17.Qf3 Bb7 18.Rad1 Qc7 19.e5 Nfd5 20.Nh5 Bf8 21.Qg4 Kh8 22.Rc1 
Qd8 23.Nc4 g6 24.Nxa5 gxh5 25.Qxh5 Ba8 26.Nc4 Nxc4 27.bxc4 Nc3 28.Rxc3 
bxc3 29.Be4 h6 30.Bc1 f5 31.Bxh6 Re7 32.Bxf5 exf5 33.e6 Bxh6 34.Qxh6+ Rh7 
35.Qg6 Qe7 36.Qxf5 Rf8 37.Qe5+ Kg8 38.Re2 Rg7 39.f4 Rg6 40.Qe4 Rxe6 0-1

[Event "23rd EUR-ch"]
[Site "Vrnjacka Banja SRB"]
[Date "2023.03.10"]
[Round "8.47"]
[White "Mchedlishvili, Mikheil"]
[Black "Royal, Shreyas"]
[Result "1-0"]
[WhiteElo "2569"]
[BlackElo "2452"]
[EventDate "2023.03.03"]
[PlyCount "117"]

1.e4 c5 2.Nf3 d6 3.d4 cxd4 4.Nxd4 Nf6 5.Nc3 Nc6 6.Bc4 Qb6 7.Nxc6 bxc6 8.
O-O g6 9.Qe1 Qc7 10.Bf4 Nd7 11.Qd2 Bg7 12.Bh6 O-O 13.Bxg7 Kxg7 14.Rad1 Rb8
15.b3 Nb6 16.Be2 Be6 17.f4 f6 18.Qe3 Rbd8 19.Bf3 Nd7 20.Na4 Nb6 21.Nc3 Nd7
22.Kh1 Bg8 23.Bg4 Nb6 24.Ne2 e5 25.fxe5 dxe5 26.c4 Qe7 27.Nc3 h5 28.Be2 
Be6 29.c5 Na8 30.Rd6 Rxd6 31.cxd6 Qxd6 32.Qxa7+ Qc7 33.Qc5 Rd8 34.Bc4 Bxc4
35.Qxc4 Qd6 36.Na4 Nc7 37.Nc5 Qd4 38.Qc1 Qb4 39.a3 Qb5 40.h3 Rd6 41.b4 Qe2
42.Re1 Qf2 43.Rd1 Nb5 44.Rxd6 Nxd6 45.a4 h4 46.a5 Nb5 47.Ne6+ Kh7 48.a6 
Nd4 49.Nxd4 exd4 50.Qg1 Qa2 51.Qxd4 Qxa6 52.Qxf6 Qe2 53.Qxh4+ Kg7 54.Qe7+ 
Kh6 55.Qf8+ Kh7 56.Qf7+ Kh6 57.Qf4+ g5 58.Qf6+ Kh5 59.Qf3+ 1-0

[Event "23rd EUR-ch"]
[Site "Vrnjacka Banja SRB"]
[Date "2023.03.10"]
[Round "8.48"]
[White "Sanikidze, Tornike"]
[Black "Nesterov, Arseny"]
[Result "1-0"]
[WhiteElo "2459"]
[BlackElo "2568"]
[EventDate "2023.03.03"]
[PlyCount "69"]

1.e4 e5 2.Nf3 Nc6 3.Bb5 a6 4.Ba4 Nf6 5.O-O Be7 6.Bxc6 dxc6 7.d3 Nd7 8.b3 
O-O 9.Bb2 f6 10.Nh4 g6 11.Nc3 Nc5 12.Ne2 f5 13.Nf3 fxe4 14.Nxe5 exd3 15.
cxd3 Bf6 16.Qc2 Ne6 17.f4 Bg7 18.Rae1 Qd5 19.Kh1 g5 20.Ng4 Nd4 21.Bxd4 
Bxg4 22.Bxg7 Kxg7 23.Nc3 Qc5 24.d4 Qd6 25.Ne4 Qg6 26.Qc3 gxf4 27.h3 Rae8 
28.d5+ Kh6 29.hxg4 Rxe4 30.g5+ Kh5 31.Qf3+ Kxg5 32.Rxe4 cxd5 33.Re5+ Kh6 
34.Rfe1 Kg7 35.Qxd5 1-0

[Event "23rd EUR-ch"]
[Site "Vrnjacka Banja SRB"]
[Date "2023.03.10"]
[Round "8.49"]
[White "Teclaf, Pawel"]
[Black "Badelka, Olga"]
[Result "1-0"]
[WhiteElo "2568"]
[BlackElo "2428"]
[EventDate "2023.03.03"]
[PlyCount "81"]

1.Nf3 Nf6 2.c4 e6 3.b3 d5 4.Bb2 b6 5.g3 Bb7 6.Bg2 Bd6 7.cxd5 exd5 8.Nc3 
O-O 9.O-O a6 10.Rc1 Re8 11.e3 Nbd7 12.Re1 Rc8 13.Re2 c5 14.d4 c4 15.Nd2 b5
16.bxc4 bxc4 17.e4 dxe4 18.Ncxe4 Nxe4 19.Nxe4 Bxe4 20.Bxe4 Nf6 21.Bf5 Rb8 
22.Bc3 Bb4 23.Rxe8+ Qxe8 24.Qf3 Qd8 25.Bxb4 Rxb4 26.a3 Ra4 27.Qc6 Ra5 28.
Bh3 g6 29.Qxc4 Kg7 30.Qc3 Ne4 31.Qe3 Qg5 32.f4 Qe7 33.Bg2 f5 34.Rc3 Qb7 
35.Bxe4 fxe4 36.Qc1 Qd5 37.Rc7+ Kh6 38.f5+ g5 39.Rc6+ Kh5 40.h3 Qxd4+ 41.
Kg2 1-0

[Event "23rd EUR-ch"]
[Site "Vrnjacka Banja SRB"]
[Date "2023.03.10"]
[Round "8.50"]
[White "Kozak, Adam"]
[Black "Stankovic, Milos"]
[Result "1/2-1/2"]
[WhiteElo "2552"]
[BlackElo "2447"]
[EventDate "2023.03.03"]
[PlyCount "56"]

1.c4 e6 2.Nc3 d5 3.d4 c5 4.cxd5 cxd4 5.Qa4+ Bd7 6.Qxd4 exd5 7.Qxd5 Nf6 8.
Qd1 Bc5 9.Nf3 O-O 10.e3 Qe7 11.Be2 Nc6 12.O-O Rfd8 13.a3 Rac8 14.Qc2 Bg4 
15.Ng5 Bxe2 16.Qxe2 Ne5 17.Nf3 Nxf3+ 18.Qxf3 Bd6 19.e4 Be5 20.Bg5 Bxc3 21.
bxc3 Qe5 22.Bxf6 Qxf6 23.Qe3 Qa6 24.c4 Qxc4 25.Qxa7 Qxe4 26.Rab1 Ra8 27.
Qxb7 Qxb7 28.Rxb7 Rxa3 1/2-1/2

[Event "23rd EUR-ch"]
[Site "Vrnjacka Banja SRB"]
[Date "2023.03.10"]
[Round "8.51"]
[White "Ghimpu, Samuel-Timotei"]
[Black "Suleymanli, Aydin"]
[Result "0-1"]
[WhiteElo "2459"]
[BlackElo "2552"]
[EventDate "2023.03.03"]
[PlyCount "82"]

1.e4 e5 2.Nf3 Nc6 3.d4 exd4 4.Nxd4 Nf6 5.Nxc6 bxc6 6.Nd2 d5 7.exd5 cxd5 8.
Bb5+ Bd7 9.Bxd7+ Qxd7 10.O-O Be7 11.b3 O-O 12.Bb2 Rfe8 13.Qf3 a5 14.a4 Ra6
15.Rad1 Re6 16.Nc4 c6 17.Ne3 Qb7 18.Nf5 Bf8 19.Nd4 Re4 20.Nf5 Ng4 21.Qg3 
Ne5 22.f3 Re2 23.Nd4 Bc5 24.Kh1 Bxd4 25.Bxd4 f6 26.Rfe1 Ng6 27.h3 Kf7 28.
Rxe2 Rxe2 29.Re1 Rxc2 30.Qg4 Nf8 31.Qh5+ Kg8 32.Qe8 Qf7 33.Bb6 Qxe8 34.
Rxe8 Kf7 35.Ra8 Ne6 36.Ra7+ Ke8 37.f4 d4 38.f5 d3 39.Bxa5 Nd4 40.Rxg7 Nxb3
41.Bb4 c5 0-1

[Event "23rd EUR-ch"]
[Site "Vrnjacka Banja SRB"]
[Date "2023.03.10"]
[Round "8.52"]
[White "Loiseau, Quentin"]
[Black "Maurizzi, Marc`Andria"]
[Result "1/2-1/2"]
[WhiteElo "2449"]
[BlackElo "2535"]
[EventDate "2023.03.03"]
[PlyCount "47"]

1.e4 c5 2.Nf3 d6 3.d4 cxd4 4.Nxd4 Nf6 5.Nc3 g6 6.Be3 Bg7 7.f3 O-O 8.Qd2 
Nc6 9.g4 Be6 10.Nxe6 fxe6 11.O-O-O d5 12.exd5 Nxd5 13.Nxd5 Qxd5 14.Qxd5 
exd5 15.Be2 e6 16.f4 Bh6 17.g5 Bg7 18.Bg4 Rfe8 19.h4 Rac8 20.Rh2 b6 21.a3 
Na5 22.Re2 Kf7 23.Kb1 Nc4 24.Bc1 1/2-1/2

[Event "23rd EUR-ch"]
[Site "Vrnjacka Banja SRB"]
[Date "2023.03.10"]
[Round "8.53"]
[White "Erdogmus, Yagiz Kaan"]
[Black "Nasuta, Grzegorz"]
[Result "1/2-1/2"]
[WhiteElo "2445"]
[BlackElo "2535"]
[EventDate "2023.03.03"]
[PlyCount "120"]

1.e4 c5 2.Nf3 d6 3.d4 cxd4 4.Nxd4 Nf6 5.Nc3 a6 6.Bg5 Nbd7 7.Be3 b5 8.a4 
bxa4 9.Rxa4 Bb7 10.f3 Nc5 11.Ra2 e6 12.Be2 Be7 13.O-O O-O 14.Qd2 Qc7 15.
Rfa1 Rfc8 16.Qe1 g6 17.Ra5 Rab8 18.Qd2 h5 19.Bf1 h4 20.R5a2 Ra8 21.Bf2 d5 
22.exd5 Nxd5 23.Nxd5 Bxd5 24.Ra5 Rd8 25.Qc3 Bd6 26.b4 Bxh2+ 27.Kh1 Nd7 28.
Qxc7 Bxc7 29.Rxa6 Rab8 30.Bxh4 Rdc8 31.c4 Bb7 32.R6a2 Kg7 33.Kg1 Rh8 34.
Bg5 e5 35.Nc2 e4 36.Rd1 Ne5 37.f4 Nd3 38.Bxd3 exd3 39.Rxd3 Bc8 40.Be7 Bf5 
41.Rf3 Be6 42.Ne3 Bb6 43.Bc5 Bxc5 44.bxc5 Rh5 45.f5 gxf5 46.c6 Rc8 47.Ra6 
f4 48.Rxf4 Rc5 49.Kf2 R8xc6 50.Rxc6 Rxc6 51.Ke2 Rd6 52.Rf1 Rd4 53.Rc1 Kf8 
54.c5 Ke7 55.c6 Kd8 56.Kf3 Kc7 57.g4 Rd6 58.Kf4 Rxc6 59.Rxc6+ Kxc6 60.Ke5 
Bxg4 1/2-1/2

[Event "23rd EUR-ch"]
[Site "Vrnjacka Banja SRB"]
[Date "2023.03.10"]
[Round "8.54"]
[White "Ohanian, Emin"]
[Black "Stocek, Jiri"]
[Result "1/2-1/2"]
[WhiteElo "2405"]
[BlackElo "2534"]
[EventDate "2023.03.03"]
[PlyCount "118"]

1.d4 Nf6 2.c4 e6 3.Nf3 b6 4.g3 Bb7 5.Bg2 Bb4+ 6.Bd2 c5 7.d5 exd5 8.Nh4 O-O
9.Bxb4 cxb4 10.cxd5 g6 11.O-O Re8 12.Re1 a5 13.Qd4 Ba6 14.e4 d6 15.Nd2 
Nbd7 16.f4 Nc5 17.e5 dxe5 18.fxe5 Ne6 19.Qf2 Nxd5 20.Rad1 Nec7 21.Bxd5 
Nxd5 22.Nhf3 Bd3 23.Ne4 f5 24.Rxd3 fxe4 25.Rxe4 Rc8 26.Red4 Rc1+ 27.Kg2 
Rc5 28.Qe2 Qa8 29.Rd2 Nc7 30.Qe4 Qxe4 31.Rxe4 Ne6 32.Ree2 g5 33.Rd6 g4 34.
Ne1 Kf7 35.Nd3 Rc4 36.Rxb6 Rd8 37.Nf2 Rdd4 38.b3 Rc1 39.Rd6 h5 40.Ne4 Rdd1
41.Rf2+ Ke7 42.Rxd1 Rxd1 43.h3 Re1 44.Nf6 gxh3+ 45.Kxh3 Rxe5 46.Kh4 Ng7 
47.g4 hxg4 48.Nxg4 Re1 49.Kg3 Rg1+ 50.Kf3 Nf5 51.Ne5 Rc1 52.Ke4 Ke6 53.Nc4
Nd6+ 54.Nxd6 Kxd6 55.Rf5 Rc5 56.Rxc5 Kxc5 57.Ke5 Kc6 58.Ke6 Kc5 59.Ke5 Kc6
1/2-1/2

[Event "23rd EUR-ch"]
[Site "Vrnjacka Banja SRB"]
[Date "2023.03.10"]
[Round "8.55"]
[White "Dvirnyy, Danyyil"]
[Black "Malcewska, Aleksandra"]
[Result "1-0"]
[WhiteElo "2531"]
[BlackElo "2388"]
[EventDate "2023.03.03"]
[PlyCount "67"]

1.d4 Nf6 2.c4 e6 3.Nf3 b6 4.g3 Bb7 5.Bg2 c5 6.d5 exd5 7.Nh4 d6 8.Nc3 Be7 
9.Nf5 O-O 10.Nxd5 Nxd5 11.Bxd5 Nc6 12.Bf4 Qd7 13.e4 Nd4 14.Nxe7+ Qxe7 15.
Bxd6 Qxd6 16.Bxb7 Rab8 17.Bd5 b5 18.cxb5 Rxb5 19.b3 Kh8 20.O-O f5 21.f4 
Rbb8 22.Qd3 Rbd8 23.Rae1 Qb6 24.Bc4 Qa5 25.Qb1 fxe4 26.Rxe4 Rfe8 27.Re5 
Qc3 28.Qe4 Rf8 29.Kg2 h6 30.Rf2 Rf6 31.Re8+ Rf8 32.Bd3 Kg8 33.Re7 Rf7 34.
Bc4 1-0

[Event "23rd EUR-ch"]
[Site "Vrnjacka Banja SRB"]
[Date "2023.03.10"]
[Round "8.56"]
[White "Tadic, Stefan"]
[Black "Janik, Igor"]
[Result "0-1"]
[WhiteElo "2353"]
[BlackElo "2527"]
[EventDate "2023.03.03"]
[PlyCount "84"]

1.e4 c6 2.d4 d5 3.e5 Bf5 4.h4 h5 5.Bd3 Bxd3 6.Qxd3 Qa5+ 7.Nd2 e6 8.Ne2 Qa6
9.Qf3 Nd7 10.Nb3 c5 11.Nxc5 Nxc5 12.dxc5 Bxc5 13.O-O Ne7 14.Be3 Rc8 15.Ng3
Qc4 16.Bg5 Qg4 17.Qd3 O-O 18.Kh2 Ng6 19.f4 Nxh4 20.Qd1 Nf5 21.Nxh5 Qxd1 
22.Rfxd1 Ne3 23.Rd3 f6 24.exf6 gxf6 25.Nxf6+ Rxf6 26.Rxe3 Bxe3 27.Bxf6 
Bxf4+ 28.g3 Rxc2+ 29.Kh3 Be3 30.Re1 Kf7 31.Be5 d4 32.Rd1 Rxb2 33.Bxd4 Bxd4
34.Rxd4 a5 35.Ra4 b6 36.Kg4 Kf6 37.Kf4 e5+ 38.Ke4 Ke6 39.g4 Rc2 40.Kf3 
Rc3+ 41.Kf2 Kd5 42.g5 e4 0-1

[Event "23rd EUR-ch"]
[Site "Vrnjacka Banja SRB"]
[Date "2023.03.10"]
[Round "8.57"]
[White "Gavrilescu, David"]
[Black "Zajic, Milan"]
[Result "1-0"]
[WhiteElo "2527"]
[BlackElo "2387"]
[EventDate "2023.03.03"]
[PlyCount "111"]

1.e4 c5 2.Nf3 d6 3.d4 cxd4 4.Nxd4 Nf6 5.Nc3 a6 6.Be3 Ng4 7.Bg5 h6 8.Bc1 
Nf6 9.Bd3 e5 10.Nde2 Nbd7 11.O-O Be7 12.Ng3 Nc5 13.Bc4 O-O 14.a4 Be6 15.
Bd5 Nxd5 16.Nxd5 Rc8 17.Ra3 Bg5 18.Bxg5 Qxg5 19.Nf5 Bxf5 20.exf5 Kh8 21.f6
Ne4 22.fxg7+ Qxg7 23.f3 Ng5 24.f4 exf4 25.Nxf4 Ne4 26.Re3 Rce8 27.Nh5 Qe5 
28.b4 f5 29.Nf4 Rf6 30.a5 Rg8 31.h3 Kh7 32.Qd3 Rc8 33.Qd5 Qxd5 34.Nxd5 
Rff8 35.g4 Kg7 36.gxf5 Nf6 37.Nf4 Kf7 38.Rfe1 Rfe8 39.Re6 Rc4 40.Rxe8 Nxe8
41.Nd5 Kf8 42.c3 Nc7 43.Nb6 Rxc3 44.f6 Kf7 45.Re7+ Kxf6 46.Rxc7 Rxc7 47.
Nd5+ Ke5 48.Nxc7 Kd4 49.Ne8 d5 50.Nd6 Kc3 51.Nxb7 Kxb4 52.Kf2 d4 53.Ke2 
Kc3 54.Nc5 Kc2 55.h4 Kc3 56.Nxa6 1-0

[Event "23rd EUR-ch"]
[Site "Vrnjacka Banja SRB"]
[Date "2023.03.10"]
[Round "8.58"]
[White "Stremavicius, Pijus"]
[Black "Horvath, Dominik"]
[Result "0-1"]
[WhiteElo "2383"]
[BlackElo "2521"]
[EventDate "2023.03.03"]
[PlyCount "136"]

1.d4 d5 2.c4 e6 3.Nc3 c6 4.e4 Bb4 5.cxd5 exd5 6.e5 Ne7 7.Qb3 Ba5 8.Nf3 O-O
9.Bg5 h6 10.Bh4 Qc7 11.Bd3 Nf5 12.O-O Qb6 13.Bxf5 Bxf5 14.Be7 Re8 15.Qa3 
Na6 16.Na4 Qb5 17.Nc3 Qb6 18.Na4 Bb4 19.Nxb6 Bxa3 20.Bxa3 axb6 21.Bd6 Rec8
22.Nh4 Be4 23.f3 Bh7 24.g4 Nc7 25.Bxc7 Rxc7 26.Kf2 c5 27.Rfd1 Ra4 28.dxc5 
Rxc5 29.b3 Rb4 30.Rd2 g5 31.Nf5 Bxf5 32.gxf5 Rf4 33.Rad1 Rxf5 34.Rxd5 g4 
35.f4 Rxf4+ 36.Kg3 Re4 37.Rxc5 bxc5 38.Rd5 b6 39.Rd6 h5 40.Rxb6 Re3+ 41.
Kf2 Rxe5 42.a4 Kg7 43.a5 h4 44.a6 Rf5+ 45.Kg1 Rd5 46.Rb5 Rd1+ 47.Kg2 Rd2+ 
48.Kg1 Rd1+ 49.Kg2 Rd2+ 50.Kg1 Ra2 51.Rxc5 Rxa6 52.h3 Ra1+ 53.Kg2 Ra2+ 54.
Kg1 g3 55.Rh5 Kg6 56.Rxh4 f5 57.Rc4 Rf2 58.b4 f4 59.b5 Kf5 60.Rc5+ Ke4 61.
Rc4+ Ke3 62.Rc3+ Ke4 63.Rc4+ Ke5 64.Rb4 Re2 65.Rb3 Re3 66.Rb1 f3 67.b6 f2+
68.Kf1 Ke4 0-1

[Event "23rd EUR-ch"]
[Site "Vrnjacka Banja SRB"]
[Date "2023.03.10"]
[Round "8.59"]
[White "Rasulov, Vugar"]
[Black "Damjanovic, Vuk"]
[Result "1/2-1/2"]
[WhiteElo "2516"]
[BlackElo "2361"]
[EventDate "2023.03.03"]
[PlyCount "147"]

1.d4 Nf6 2.Nf3 e6 3.c4 Bb4+ 4.Nbd2 O-O 5.a3 Be7 6.e3 b6 7.b4 c5 8.dxc5 
bxc5 9.b5 a6 10.Bb2 d5 11.a4 Nbd7 12.Be2 axb5 13.axb5 Bb7 14.O-O Rxa1 15.
Bxa1 Qa5 16.Qc2 Ra8 17.Bb2 Qa4 18.Qc3 Qb4 19.Ra1 Nb6 20.Rxa8+ Bxa8 21.Qxb4
cxb4 22.Ne5 dxc4 23.Ndxc4 Na4 24.Bf3 Bxf3 25.gxf3 Nd5 26.e4 Nxb2 27.Nxb2 
Nb6 28.Nc6 Bd6 29.Nd3 b3 30.Na5 Na4 31.Nc4 Bc5 32.Nxc5 Nxc5 33.Kf1 Na4 34.
Na3 Kf8 35.Ke2 Ke7 36.Kd3 Kd6 37.Kc4 b2 38.f4 f6 39.Kb4 Nc5 40.Nc4+ Kc7 
41.Nxb2 Nxe4 42.Na4 Nd6 43.Ka5 Nc4+ 44.Ka6 Kd6 45.Ka7 g5 46.fxg5 fxg5 47.
Ka6 g4 48.Nb6 Na3 49.Nc8+ Kd7 50.Na7 Nc4 51.Nc6 Kc7 52.Na5 Nb6 53.Nb3 Nd5 
54.Nd2 Kd6 55.Ka5 h5 56.Nc4+ Kc5 57.Ne5 Kd4 58.Nc6+ Kc5 59.Nd8 e5 60.Ne6+ 
Kc4 61.Ng7 h4 62.Nf5 Kd3 63.Nxh4 Ke2 64.Ng6 e4 65.Ne5 Kxf2 66.Nxg4+ Kf3 
67.Ne5+ Kf4 68.Nc6 Kg4 69.Ka4 Nc3+ 70.Kb4 Nxb5 71.Kxb5 Kh3 72.Kc4 Kxh2 73.
Kd4 Kh1 74.Kxe4 1/2-1/2

[Event "23rd EUR-ch"]
[Site "Vrnjacka Banja SRB"]
[Date "2023.03.10"]
[Round "8.60"]
[White "Eren, Ataberk"]
[Black "Djukic, Nikola"]
[Result "0-1"]
[WhiteElo "2308"]
[BlackElo "2514"]
[EventDate "2023.03.03"]
[PlyCount "64"]

1.e4 c5 2.Nf3 d6 3.Bb5+ Nd7 4.a4 Nf6 5.Nc3 g6 6.a5 Bg7 7.O-O a6 8.Be2 O-O 
9.d3 b5 10.axb6 a5 11.Nd2 Nxb6 12.Nc4 Nxc4 13.dxc4 Bb7 14.f3 Nd7 15.Ra3 
Nb6 16.Nb5 Bc6 17.Qe1 a4 18.Nc3 e6 19.Be3 Qe7 20.Qf2 f5 21.Qg3 fxe4 22.
fxe4 Be5 23.Qg4 Rxf1+ 24.Bxf1 Rf8 25.Be2 Qf6 26.Bd3 h5 27.Qe2 Qh4 28.g3 
Bxg3 29.hxg3 Qxg3+ 30.Kh1 Qh3+ 31.Kg1 Rf3 32.Bf2 Rf4 0-1

[Event "23rd EUR-ch"]
[Site "Vrnjacka Banja SRB"]
[Date "2023.03.10"]
[Round "8.61"]
[White "Halkias, Stelios"]
[Black "Ahmad, Khagan"]
[Result "1-0"]
[WhiteElo "2514"]
[BlackElo "2220"]
[EventDate "2023.03.03"]
[PlyCount "87"]

1.Nf3 Nf6 2.c4 e6 3.g3 d5 4.d4 Be7 5.Bg2 O-O 6.O-O dxc4 7.Qc2 a6 8.a4 Bd7 
9.Qxc4 Bc6 10.Bf4 Bd6 11.Qc1 Nbd7 12.a5 Qe7 13.Nc3 e5 14.dxe5 Nxe5 15.Nxe5
Bxg2 16.Kxg2 Bxe5 17.Qe3 Rfe8 18.Qxe5 Qxe5 19.Bxe5 Rxe5 20.Rfd1 h5 21.Ra4 
b5 22.axb6 cxb6 23.e4 b5 24.Rad4 a5 25.f4 Re6 26.e5 b4 27.Rd8+ Rxd8 28.
Rxd8+ Kh7 29.Nb5 Ne4 30.Kf3 Rb6 31.Nd4 Nc5 32.Rd5 Nd3 33.b3 a4 34.bxa4 b3 
35.Rb5 Rxb5 36.Nxb5 Nc5 37.a5 b2 38.Nc3 Kg6 39.g4 hxg4+ 40.Kxg4 f5+ 41.Kf3
Kh5 42.h3 Kh4 43.Kg2 Ne6 44.a6 1-0

[Event "23rd EUR-ch"]
[Site "Vrnjacka Banja SRB"]
[Date "2023.03.10"]
[Round "8.62"]
[White "Manafov, Vugar"]
[Black "Brunello, Sabino"]
[Result "1/2-1/2"]
[WhiteElo "2349"]
[BlackElo "2512"]
[EventDate "2023.03.03"]
[PlyCount "37"]

1.d4 d5 2.c4 dxc4 3.e3 e5 4.Nf3 exd4 5.Bxc4 Bb4+ 6.Bd2 Bxd2+ 7.Qxd2 Nc6 8.
Nxd4 Nxd4 9.Qxd4 Qxd4 10.exd4 Nf6 11.Nc3 O-O 12.f3 Re8+ 13.Kf2 Be6 14.d5 
Bd7 15.Rhe1 Kf8 16.Re3 Rad8 17.Rae1 h6 18.Bb3 Rxe3 19.Rxe3 1/2-1/2

[Event "23rd EUR-ch"]
[Site "Vrnjacka Banja SRB"]
[Date "2023.03.10"]
[Round "8.63"]
[White "Gadimbayli, Abdulla"]
[Black "Gajcin, Marina"]
[Result "1-0"]
[WhiteElo "2507"]
[BlackElo "2215"]
[EventDate "2023.03.03"]
[PlyCount "77"]

1.e4 c5 2.Nf3 Nc6 3.Bb5 e6 4.O-O Nge7 5.Re1 a6 6.Bf1 b6 7.c3 d5 8.exd5 
Nxd5 9.d4 Nf6 10.Be3 cxd4 11.Nxd4 Nxd4 12.Qxd4 Qxd4 13.Bxd4 Nd7 14.Nd2 Rg8
15.Nc4 b5 16.Na5 Bc5 17.Rad1 Bxd4 18.Rxd4 Ra7 19.a4 bxa4 20.Rc4 Ra8 21.
Rxa4 Rb8 22.Rc4 Nb6 23.Rd4 Bd7 24.b4 Na4 25.Re3 Rc8 26.c4 Ke7 27.c5 Rc7 
28.h3 Bb5 29.Bxb5 axb5 30.Rd6 Ra8 31.Nc6+ Kf6 32.Rf3+ Kg5 33.Nd4 h5 34.
Rxe6 Rxc5 35.Rg3+ Kf4 36.Rf3+ Kg5 37.h4+ Kxh4 38.Re4+ Kg5 39.bxc5 1-0

[Event "23rd EUR-ch"]
[Site "Vrnjacka Banja SRB"]
[Date "2023.03.10"]
[Round "8.64"]
[White "Rakhmanov, Alexander"]
[Black "Akbas, Umut Ata"]
[Result "1-0"]
[WhiteElo "2635"]
[BlackElo "2419"]
[EventDate "2023.03.03"]
[PlyCount "55"]

1.d4 Nf6 2.c4 e6 3.Nc3 d5 4.Bg5 dxc4 5.e3 c5 6.Bxc4 cxd4 7.exd4 Be7 8.Nf3 
O-O 9.O-O Nc6 10.Re1 h6 11.Bf4 a6 12.a4 Nd5 13.Bg3 Bb4 14.Qd3 b6 15.Bb3 
Bb7 16.Bc2 Nf6 17.Bh4 Re8 18.Bxf6 gxf6 19.Qh7+ Kf8 20.Qxh6+ Ke7 21.Rxe6+ 
Kxe6 22.Bf5+ Ke7 23.Re1+ Ne5 24.dxe5 Bxc3 25.exf6+ Kd6 26.Qf4+ Kc5 27.b4+ 
Bxb4 28.Rc1+ 1-0

[Event "23rd EUR-ch"]
[Site "Vrnjacka Banja SRB"]
[Date "2023.03.10"]
[Round "8.65"]
[White "Chigaev, Maxim"]
[Black "Kochavi, Ori"]
[Result "1-0"]
[WhiteElo "2632"]
[BlackElo "2417"]
[EventDate "2023.03.03"]
[PlyCount "93"]

1.Nf3 Nf6 2.g3 d5 3.Bg2 e6 4.O-O Be7 5.c4 O-O 6.Ne5 a5 7.d4 c6 8.Nc3 Nbd7 
9.b3 Nxe5 10.dxe5 Nd7 11.cxd5 exd5 12.f4 f5 13.Be3 Nc5 14.Rc1 Ne6 15.Bf2 
Ba3 16.Rc2 Qe7 17.Kh1 Bd7 18.Qd3 Be8 19.Rd1 Bh5 20.Rf1 Kh8 21.Bd4 Bc5 22.
e3 g5 23.Bxc5 Nxc5 24.Qd4 Ne6 25.Qd2 gxf4 26.exf4 Rad8 27.Na4 b5 28.Nb2 c5
29.Qxa5 Nd4 30.Rcc1 c4 31.bxc4 dxc4 32.Nd1 Be2 33.Re1 Bf3 34.Ne3 Qb7 35.
Qc3 Ne6 36.Rcd1 Qe4 37.Kg1 Rxd1 38.Nxd1 Qd4+ 39.Qxd4 Nxd4 40.Nc3 Kg7 41.
Nxb5 Nxb5 42.Bxf3 Nd4 43.Kf2 c3 44.Rc1 Rc8 45.Ke3 Nb5 46.Bd5 c2 47.Be6 1-0

[Event "23rd EUR-ch"]
[Site "Vrnjacka Banja SRB"]
[Date "2023.03.10"]
[Round "8.66"]
[White "Rodshtein, Maxim"]
[Black "Kalezic, Blazo"]
[Result "1-0"]
[WhiteElo "2622"]
[BlackElo "2415"]
[EventDate "2023.03.03"]
[PlyCount "65"]

1.d4 d5 2.c4 c6 3.Nf3 Nf6 4.e3 e6 5.Bd3 Nbd7 6.b3 Bd6 7.Bb2 Ne4 8.O-O O-O 
9.Nc3 f5 10.Ne2 Rf6 11.Ne5 Rh6 12.g3 Qe8 13.Kg2 Ndf6 14.f3 Ng5 15.Nf4 Nf7 
16.Be2 Qe7 17.Nfd3 Bd7 18.a4 Rd8 19.a5 a6 20.Qc1 Bc7 21.Qc3 Bc8 22.Qc2 Qe8
23.h3 Nd7 24.f4 Qe7 25.Ba3 Qf6 26.Bb4 g5 27.Nxf7 Kxf7 28.cxd5 exd5 29.Ne5+
Nxe5 30.fxe5 Bxe5 31.dxe5 Qxe5 32.Bc3 Qxe3 33.Rf3 1-0

[Event "23rd EUR-ch"]
[Site "Vrnjacka Banja SRB"]
[Date "2023.03.10"]
[Round "8.67"]
[White "Baum, Jonasz"]
[Black "Motylev, Alexander"]
[Result "1/2-1/2"]
[WhiteElo "2426"]
[BlackElo "2621"]
[EventDate "2023.03.03"]
[PlyCount "53"]

1.e4 e5 2.Nf3 Nc6 3.Bb5 a6 4.Ba4 Nf6 5.O-O d6 6.Re1 Bd7 7.c4 Be7 8.Nc3 Bg4
9.h3 Bxf3 10.Bxc6+ bxc6 11.Qxf3 O-O 12.d3 Rb8 13.b3 Nd7 14.Be3 c5 15.g3 
Qe8 16.h4 Kh8 17.h5 c6 18.Bd2 Rg8 19.Nd1 Nf8 20.Ne3 Ne6 21.Kg2 Bg5 22.Rad1
Bxe3 23.Bxe3 Qe7 24.Rh1 Rb7 25.Qg4 h6 26.f4 f6 27.f5 1/2-1/2

[Event "23rd EUR-ch"]
[Site "Vrnjacka Banja SRB"]
[Date "2023.03.10"]
[Round "8.68"]
[White "Celik, Hasan Huseyin"]
[Black "Ter-Sahakyan, Samvel"]
[Result "0-1"]
[WhiteElo "2420"]
[BlackElo "2616"]
[EventDate "2023.03.03"]
[PlyCount "118"]

1.e4 c5 2.Nc3 e6 3.Nge2 Nc6 4.d4 cxd4 5.Nxd4 Nf6 6.Ndb5 d6 7.Bf4 e5 8.Bg5 
a6 9.Na3 b5 10.Nd5 Be7 11.Bxf6 Bxf6 12.c3 Rb8 13.Nc2 Bg5 14.a4 bxa4 15.
Ncb4 Nxb4 16.cxb4 O-O 17.Rxa4 a5 18.b5 Bd7 19.Nc3 d5 20.Nxd5 Bxb5 21.Bxb5 
Rxb5 22.O-O Rxb2 23.Qa1 Rb5 24.Qxe5 Kh8 25.Qc3 Qc8 26.Rfa1 Qb7 27.g3 Bd8 
28.Qa3 Kg8 29.Qd6 h6 30.h4 Rb2 31.Qe5 Rc2 32.Qd4 Re8 33.R4a3 Re6 34.Qd3 
Rc8 35.Rb3 Qa6 36.Qxa6 Rxa6 37.Ra4 Kf8 38.Rb7 Ke8 39.Kg2 Raa8 40.Rb2 Rab8 
41.Rba2 Rc5 42.g4 Kd7 43.h5 Kc6 44.R4a3 Rb1 45.Kf3 Kb7 46.Ke3 Ka6 47.Kd4 
Rc6 48.f3 Rcc1 49.Ke5 Rc6 50.Kd4 Rb8 51.Ke5 Rb5 52.Kd4 Bh4 53.Ra4 Be1 54.
Re2 Rb1 55.Rea2 Rb3 56.Re2 Kb5 57.Ra1 f6 58.Nc7+ Rxc7 59.Rexe1 Rd7# 0-1

[Event "23rd EUR-ch"]
[Site "Vrnjacka Banja SRB"]
[Date "2023.03.10"]
[Round "8.69"]
[White "Sanal, Vahap"]
[Black "Tekeev, Zaur"]
[Result "1-0"]
[WhiteElo "2590"]
[BlackElo "2415"]
[EventDate "2023.03.03"]
[PlyCount "115"]

1.Nf3 Nf6 2.g3 g6 3.Bg2 Bg7 4.d4 O-O 5.O-O d6 6.a4 Na6 7.Re1 d5 8.c3 c5 9.
a5 Bf5 10.Qa4 Qc8 11.Bf4 Rd8 12.Be5 Qd7 13.Qb3 c4 14.Qd1 b5 15.Nbd2 Nc7 
16.Nh4 Bg4 17.Qc2 g5 18.Nhf3 Bf5 19.Qd1 h6 20.h4 g4 21.Nh2 h5 22.f3 gxf3 
23.exf3 b4 24.f4 bxc3 25.bxc3 Nb5 26.Rc1 Bg6 27.Bf3 Qf5 28.Re3 a6 29.Qf1 
Na3 30.Bd1 Ra7 31.Bxf6 Qxf6 32.Nhf3 Rb7 33.Ne5 Rb2 34.Qf2 e6 35.Ne4 Qxe5 
36.Qxb2 Qb8 37.Qxa3 dxe4 38.Bc2 e5 39.Rb1 Qc8 40.fxe5 Bh6 41.Qc1 Rd5 42.
Qe1 Qg4 43.Re2 Bf4 44.Rg2 Bh6 45.Qe2 Rxa5 46.Qxg4 hxg4 47.Re2 Ra2 48.Kf1 
Kf8 49.Rb4 Ra1+ 50.Re1 Ra3 51.Rxc4 Bd2 52.Re2 Rxc3 53.Rxc3 Bxc3 54.Bxe4 
Bxd4 55.Bxg6 fxg6 56.Re4 Bc3 57.Rxg4 Kf7 58.e6+ 1-0

[Event "23rd EUR-ch"]
[Site "Vrnjacka Banja SRB"]
[Date "2023.03.10"]
[Round "8.70"]
[White "Moroni, Luca jr"]
[Black "Iliaguev, Nisim"]
[Result "1-0"]
[WhiteElo "2578"]
[BlackElo "2412"]
[EventDate "2023.03.03"]
[PlyCount "65"]

1.c4 c5 2.Nf3 g6 3.d4 cxd4 4.Nxd4 Nf6 5.Nc3 Nc6 6.e4 Nxd4 7.Qxd4 d6 8.Be2 
Bg7 9.Be3 O-O 10.Qd2 a5 11.f3 a4 12.Rc1 Be6 13.Rc2 Nd7 14.g4 Qa5 15.Nd5 
Qxd2+ 16.Kxd2 Bxd5 17.cxd5 Rfc8 18.g5 Nc5 19.Rb1 Rc7 20.Kd1 Rcc8 21.h4 Kf8
22.Bf1 a3 23.Bh3 Rcb8 24.b4 Na4 25.Rb3 Ke8 26.Kd2 Nb2 27.Bb6 Be5 28.Ke3 
Na4 29.Bc7 Rc8 30.Bxc8 Rxc8 31.Rxa3 Nb2 32.f4 Bg7 33.b5 1-0

[Event "23rd EUR-ch"]
[Site "Vrnjacka Banja SRB"]
[Date "2023.03.10"]
[Round "8.71"]
[White "Grigoriants, Sergey"]
[Black "Tutisani, Noe"]
[Result "1-0"]
[WhiteElo "2572"]
[BlackElo "2411"]
[EventDate "2023.03.03"]
[PlyCount "71"]

1.Nf3 Nf6 2.d4 c5 3.e3 cxd4 4.exd4 d5 5.Ne5 Nc6 6.Bb5 Bd7 7.Nxd7 Qxd7 8.c3
a6 9.Bd3 e6 10.Qf3 Bd6 11.Bg5 Qe7 12.O-O h6 13.Bh4 O-O-O 14.Nd2 e5 15.dxe5
Nxe5 16.Qf5+ Kb8 17.Rfe1 Qc7 18.Bf1 Ng6 19.Bxf6 gxf6 20.g3 h5 21.Bg2 h4 
22.Nf1 hxg3 23.hxg3 Be5 24.Rad1 Ne7 25.Qf3 Rdg8 26.Rd2 f5 27.Ne3 Bxg3 28.
fxg3 Rxg3 29.Nxd5 Nxd5 30.Qxd5 f4 31.Rf1 Rhg8 32.Rff2 R8g5 33.Qd8+ Qxd8 
34.Rxd8+ Kc7 35.Rf8 Rf5 36.Rf3 1-0